An Introduction to Attribution Processes /

Gespeichert in:
Bibliographische Detailangaben
1. Verfasser: Shaver, Kelly G. (autor)
Format: Buch
Sprache:Englisch
Schlagworte:
Tags: Tag hinzufügen
Keine Tags, Fügen Sie das erste Tag hinzu!

MARC

LEADER 00000nam^a2200000^a^4500
001 000036416
005 20250521000000.0
009 20260310085348.244
020 |a 0-87626-025-3 
037 |a Acervo ITESO - Biblioteca 
041 |a ING 
082 |a 303. 38  |b SHA 
100 |a Shaver, Kelly G.  |e (autor) 
245 1 3 |a An Introduction to Attribution Processes /  |c Kelly G. Shaver. 
264 |a Cambridge, EUA :  |b Winthrop,  |c 1975 
300 |a 153 p. 
336 |a texto  |b txt  |2 rdacontenido 
337 |a sin mediación  |b n  |2 rdamedio 
338 |a volumen  |b nc  |2 rdasoporte 
649 |a XX 
650 |a Psicología Social -  |x Teoría 
650 |a Percepción Social 
650 |a Sociología 
650 |a Psicología Social 
910 |a Fondo General 
920 |a Impresos - Libros 
930 |a Colección General 
905 |a 101 
901 |a 0364160100  |b IT1  |c ACC  |i 036416  |u 20250521 
902 |a https://opac.biblio.iteso.mx/vufind/Record/000036416